[Event "Wch Seniors 50 26th"]
[Site "Marianske Lazne"]
[Date "2016.11.27"]
[Round "8"]
[White "Melkeraaen, Terje"]
[Black "Lavrincik, Pavel"]
[Result "0-1"]
[WhiteElo "2011"]
[BlackElo "1837"]
[PlyCount "68"]
[EventDate "2016.11.19"]
[EventType "swiss"]
[EventRounds "11"]
[EventCountry "CZE"]
[SourceTitle "CBM 175 Extra"]
[Source "ChessBase"]
[SourceDate "2016.12.12"]
[SourceVersion "1"]
[SourceVersionDate "2016.12.12"]
[SourceQuality "1"]

1. d4 d6 2. e4 Nf6 3. f3 g6 4. c4 e5 5. Ne2 exd4 6. Nxd4 Bg7 7. Nc3 Nc6 8. Be3 0-0 9. Be2 Nxd4 10. Bxd4 Be6 11. Qd2 c6 12. 0-0 d5 13. cxd5 cxd5 14. e5 Nd7 15. f4 Rc8 16. Bf3 Nc5 17. Rad1 a6 18. b4 Ne4 19. Bxe4 dxe4 20. Nxe4 Bf5 21. Nd6 Rc2 22. Qe3 Bg4 23. Rd2 Rxd2 24. Qxd2 b5 25. Rc1 Qh4 26. Qe3 Be6 27. Rc5 Bh6 28. g3 Qg4 29. h4 Qd1+ 30. Kf2 Qh1 31. Qe4 Qd1 32. Be3 Bg4 33. Rc1 Qe2+ 34. Kg1 Bf3 0-1

[Event "Wch Seniors 50 26th"]
[Site "Marianske Lazne"]
[Date "2016.11.23"]
[Round "5"]
[White "Ruzicka, Tomas"]
[Black "Lavrincik, Pavel"]
[Result "1-0"]
[WhiteElo "1796"]
[BlackElo "1837"]
[PlyCount "57"]
[EventDate "2016.11.19"]
[EventType "swiss"]
[EventRounds "11"]
[EventCountry "CZE"]
[SourceTitle "CBM 175 Extra"]
[Source "ChessBase"]
[SourceDate "2016.12.12"]
[SourceVersion "1"]
[SourceVersionDate "2016.12.12"]
[SourceQuality "1"]

1. e4 d6 2. f4 Nf6 3. d3 c5 4. Be2 Nc6 5. Nf3 Bd7 6. 0-0 Qb6 7. c4 0-0-0 8. Nc3 e6 9. Ng5 Be8 10. b3 h6 11. Nf3 Be7 12. a3 Nh7 13. Be3 g5 14. b4 gxf4 15. bxc5 Qa5 16. Bd2 Qxc5+ 17. Kh1 Nf6 18. Bxf4 Ng4 19. d4 Qa5 20. Rc1 f5 21. d5 Nce5 22. Nd4 exd5 23. Nxf5 Bf6 24. Bxg4 Nxg4 25. Qxg4 Bxc3 26. Nxd6+ Kb8 27. Nxe8+ Ka8 28. Nc7+ Kb8 29. Rxc3 1-0

[Event "Jirasek Memorial op 25th"]
[Site "Rakovnik"]
[Date "2013.08.13"]
[Round "5"]
[White "Lavrincik, Pavel"]
[Black "Cabart, Pavel"]
[Result "0-1"]
[WhiteElo "1866"]
[BlackElo "1836"]
[PlyCount "80"]
[EventDate "2013.08.10"]
[EventType "swiss"]
[EventRounds "9"]
[EventCountry "CZE"]
[SourceTitle "EXT 2014"]
[Source "ChessBase"]
[SourceDate "2013.11.20"]
[SourceVersion "1"]
[SourceVersionDate "2013.11.20"]
[SourceQuality "1"]

1. c4 Nf6 2. Nc3 g6 3. e4 d6 4. g3 Bg7 5. Bg2 c5 6. Nge2 Nc6 7. 0-0 0-0 8. d3 a6 9. h3 Rb8 10. Be3 b5 11. Qd2 Be6 12. Nf4 Bd7 13. Nfd5 bxc4 14. dxc4 Nxd5 15. exd5 Nd4 16. Kh2 Bf5 17. Rac1 Rb4 18. b3 a5 19. Bh6 Bd7 20. Bxg7 Kxg7 21. Ne2 Nf5 22. g4 Nh4 23. Qg5 Nxg2 24. Kxg2 e5 25. Qe3 f5 26. gxf5 Bxf5 27. Nc3 Rb7 28. Ne4 Bxe4+ 29. Qxe4 Rbf7 30. Rc3 Rf4 31. Qe2 e4 32. Rf3 Qf6 33. Re3 Qh4 34. Rg3 Rf3 35. Qb2+ Kg8 36. Qe2 R8f5 37. Qc2 Rg5 38. Rxg5 Qxg5+ 39. Kh2 Qh4 40. Kg1 Rxh3 0-1

[Event "Jirasek Memorial op 25th"]
[Site "Rakovnik"]
[Date "2013.08.10"]
[Round "1"]
[White "Vykouk, Jan"]
[Black "Lavrincik, Pavel"]
[Result "1/2-1/2"]
[WhiteElo "2034"]
[BlackElo "1866"]
[PlyCount "125"]
[EventDate "2013.08.10"]
[EventType "swiss"]
[EventRounds "9"]
[EventCountry "CZE"]
[SourceTitle "EXT 2014"]
[Source "ChessBase"]
[SourceDate "2013.11.20"]
[SourceVersion "1"]
[SourceVersionDate "2013.11.20"]
[SourceQuality "1"]

1. e4 d6 2. d4 Nf6 3. Nc3 g6 4. f4 Bg7 5. Nf3 c5 6. e5 Ng4 7. Bb5+ Bd7 8. e6 Bxb5 9. exf7+ Kd7 10. Nxb5 Qa5+ 11. Nc3 cxd4 12. Nxd4 Bxd4 13. Qxg4+ Qf5 14. Qxf5+ gxf5 15. Ne2 Bf6 16. Ng3 Bh4 17. Ke2 e6 18. Be3 Nc6 19. Rad1 Rhf8 20. Rd2 Kc7 21. Rhd1 Rad8 22. c4 Rxf7 23. a3 a5 24. b4 axb4 25. axb4 Bf6 26. b5 Na5 27. Rc2 Nb3 28. Nf1 Nc5 29. Bxc5 dxc5 30. Rxd8 Kxd8 31. Nd2 Rd7 32. Nf3 Kc7 33. Rd2 Rxd2+ 34. Kxd2 Kd6 35. Ke3 h6 36. h3 h5 37. g3 Bg7 38. Nh4 Bf6 39. Ng6 Bg7 40. Kf3 Bf6 41. g4 fxg4+ 42. hxg4 hxg4+ 43. Kxg4 Bd4 44. Kf3 Bf6 45. Ke4 Bd4 46. Ne5 Bc3 47. Nf3 Bf6 48. f5 exf5+ 49. Kxf5 Bc3 50. Ng5 Bd4 51. Ne6 Bc3 52. Nf4 Bd4 53. Nd3 Bc3 54. Kg6 Bd4 55. Kf7 Kd7 56. Ne1 Bc3 57. Nf3 Bd4 58. Nd2 Bc3 59. Ne4 Bd4 60. Kf8 Be3 61. Nf6+ Kd8 62. Nd5 Bd4 63. Kf7 1/2-1/2

[Event "Jirasek Memorial op 24th"]
[Site "Rakovnik"]
[Date "2012.08.09"]
[Round "7"]
[White "Horyna, Josef"]
[Black "Lavrincik, Pavel"]
[Result "0-1"]
[WhiteElo "1878"]
[BlackElo "1898"]
[PlyCount "106"]
[EventDate "2012.08.04"]
[EventType "swiss"]
[EventRounds "9"]
[EventCountry "CZE"]
[SourceTitle "CBM 149 Extra"]
[Source "ChessBase"]
[SourceDate "2012.08.24"]
[SourceVersion "1"]
[SourceVersionDate "2012.08.24"]
[SourceQuality "1"]

1. d4 d6 2. g3 Nf6 3. Bg2 g6 4. e4 Nbd7 5. Ne2 e5 6. c3 Bg7 7. 0-0 0-0 8. h3 Ne8 9. Qb3 Nb6 10. a4 a5 11. Be3 Kh8 12. dxe5 Be6 13. Qc2 Nc4 14. exd6 Nxe3 15. fxe3 Nxd6 16. Na3 Qg5 17. Rf3 Qe5 18. Nf4 Bd7 19. Rd1 Bc6 20. Rf2 Nxe4 21. Bxe4 Bxe4 22. Qe2 Bc6 23. Nb5 Qe4 24. Rh2 Be5 25. b3 Rad8 26. Nd4 Bd7 27. Qd3 Qxd3 28. Rxd3 c5 29. Nf3 Bxf4 30. exf4 Be6 31. Rxd8 Rxd8 32. Rd2 Rxd2 33. Nxd2 Bxh3 34. Nc4 Be6 35. Nxa5 b6 36. Nb7 Bd5 37. Nd6 Bxb3 38. Nc8 Bxa4 39. Nxb6 Bb5 40. Kf2 Kg7 41. Ke3 Kf6 42. Nd5+ Kf5 43. Nc7 Bc4 44. Na8 Kg4 45. Nb6 Be6 46. Kf2 h5 47. Na4 c4 48. Nc5 h4 49. gxh4 Kxf4 50. Nb7 Bd5 51. Nd6 Kg4 52. Ne8 Kxh4 53. Nf6 Be6 0-1

[Event "Jirasek Memorial op 24th"]
[Site "Rakovnik"]
[Date "2012.08.06"]
[Round "4"]
[White "Maeder, Juergen"]
[Black "Lavrincik, Pavel"]
[Result "1/2-1/2"]
[WhiteElo "1895"]
[BlackElo "1898"]
[PlyCount "95"]
[EventDate "2012.08.04"]
[EventType "swiss"]
[EventRounds "9"]
[EventCountry "CZE"]
[SourceTitle "CBM 149 Extra"]
[Source "ChessBase"]
[SourceDate "2012.08.24"]
[SourceVersion "1"]
[SourceVersionDate "2012.08.24"]
[SourceQuality "1"]

1. d4 d6 2. Nf3 Nf6 3. c4 Nbd7 4. Nc3 g6 5. e4 Bg7 6. Be2 0-0 7. 0-0 c6 8. h3 a6 9. a4 Qc7 10. a5 e5 11. Be3 Re8 12. dxe5 dxe5 13. c5 Nf8 14. Qc2 Nh5 15. Bc4 Be6 16. Bxe6 Nxe6 17. g3 Qe7 18. b4 Nc7 19. Kg2 Ne6 20. Rad1 Rad8 21. Rxd8 Rxd8 22. Rd1 Rd7 23. Rxd7 Qxd7 24. Ne1 Nf6 25. Ne2 Ne8 26. Nd3 N8c7 27. Nb2 Nb5 28. Nc4 Ned4 29. Bxd4 exd4 30. Qd3 Qe7 31. f4 Qd8 32. g4 Qh4 33. Ng3 h5 34. Qf3 hxg4 35. hxg4 Qd8 36. Qd3 Qf6 37. f5 gxf5 38. Nxf5 Qg5 39. Kg3 Qc1 40. Nxg7 Qc3 41. Ne5 Kxg7 42. Qf3 Qxf3+ 43. Kxf3 Kf6 44. Kf4 Ke6 45. g5 f6 46. gxf6 Kxf6 47. Nd3 Nc3 48. Nc1 1/2-1/2

[Event "Prague op 05th"]
[Site "Prague"]
[Date "2006.01.15"]
[Round "3"]
[White "Kaplan, Daniel"]
[Black "Lavrincik, Pavel"]
[Result "0-1"]
[WhiteElo "2106"]
[BlackElo "1974"]
[PlyCount "54"]
[EventDate "2006.01.13"]
[EventType "swiss"]
[EventRounds "9"]
[EventCountry "CZE"]
[SourceTitle "CBM 110 Extra"]
[Source "ChessBase"]
[SourceDate "2006.03.10"]
[SourceVersion "2"]
[SourceVersionDate "2006.03.10"]
[SourceQuality "1"]

1. e4 d6 2. d4 Nf6 3. Bd3 g6 4. f4 Bg7 5. c3 0-0 6. Nf3 c6 7. Be3 Nbd7 8. Nbd2 Ng4 9. Bg1 e5 10. h3 Nh6 11. g4 f5 12. Qb3+ Kh8 13. exf5 gxf5 14. fxe5 dxe5 15. gxf5 Nxf5 16. 0-0-0 Nc5 17. Qc2 Nxd3+ 18. Qxd3 Ng3 19. Rh2 Bf5 20. Qe3 Qa5 21. Nxe5 Qxa2 22. Nd3 Nh5 23. Nb1 Rae8 24. Qd2 Nf4 25. Qxf4 Bxd3 26. Qxf8+ Rxf8 27. Rxd3 Rf1+ 0-1

[Event "Prague op 05th"]
[Site "Prague"]
[Date "2006.01.13"]
[Round "1"]
[White "Weinwurm, Wolfgang"]
[Black "Lavrincik, Pavel"]
[Result "1-0"]
[WhiteElo "2127"]
[BlackElo "1974"]
[PlyCount "59"]
[EventDate "2006.01.13"]
[EventType "swiss"]
[EventRounds "9"]
[EventCountry "CZE"]
[SourceTitle "CBM 110 Extra"]
[Source "ChessBase"]
[SourceDate "2006.03.10"]
[SourceVersion "2"]
[SourceVersionDate "2006.03.10"]
[SourceQuality "1"]

1. e4 d6 2. d4 Nf6 3. Nc3 g6 4. Bg5 Bg7 5. e5 Nfd7 6. Nf3 Nc6 7. e6 fxe6 8. Qd2 Nf6 9. 0-0-0 Nd5 10. Bh6 Bxh6 11. Qxh6 Nxc3 12. bxc3 d5 13. Qg7 Kd7 14. Bb5 Qf8 15. Qe5 Qf6 16. c4 Kd8 17. Bxc6 bxc6 18. Rhe1 Rf8 19. Rd2 dxc4 20. Qc5 Bd7 21. Ne5 c3 22. Qxc3 Rb8 23. g3 Rb6 24. Rde2 Qf5 25. Qc4 Kc8 26. f4 g5 27. Nxd7 Kxd7 28. Re5 Qg4 29. Rxg5 Qf3 30. Qxe6+ 1-0